000 00345nam a22001457a 4500
003 SGT
020 _a9788189128760
082 _bUKE
100 _aUKEY KEVAL DR.
245 _aCYBER FORENSIC : A LEGAL PERSPECTIVE OF DATA PROTECTION
250 _a1ST
260 _bSELECTIVE& SCIENTIFIC BOOK
_c2018
300 _a386
942 _2ddc
_cBK
_025
999 _c16491
_d16491